|
|
|
|
| LEADER |
00000nam a22000007a 4500 |
| 005 |
20220727225743.0 |
| 007 |
cr|||| |||| |
| 008 |
220727s2021 br |||||s|||| 00||0 por d |
| 020 |
|
|
|a 978658935145-0
|
| 035 |
|
|
|a 36777
|
| 040 |
|
|
|a vLex
|
| 090 |
|
|
|c 13643
|d 13643
|
| 100 |
1 |
|
|a de Moraes Mello, Cleyson
|
| 245 |
1 |
0 |
|a Direitos humanos
|h [Recurso electrn̤ico] :
|b Da construȯ̂ histr̤ica aos dias atuais /
|c Cleyson de Moraes Mello
|
| 256 |
|
|
|a Servicio en ln̕ea
|
| 260 |
|
|
|a Rio de Janeiro:
|b Editora Processo,
|c 2021
|
| 300 |
|
|
|a 1 recurso electrn̤ico
|
| 500 |
|
|
|a Esta obra oferece uma clara e panorḿica visô de como vm̊ sendo realizados a construȯ̂ histr̤ico-filosf̤ica, os estudos e pesquisas sobre os Direitos Humanos. O autor apresenta uma personals̕sima anl̀ise do mais refinado pensamento desta evoluȯ̂ histr̤ica dos direitos humanos, examinando grandes documentos normativos, como leis, constituiė̳s e tratados internacionais, at ̌os dias de hoje. O autor aborda ainda a evoluȯ̂ do Estado Liberal ao Estado Social, a questô da espiral hermenůtica dos direitos humanos, alm̌ da anl̀ise dos principais instrumentos internacionais do sistema ONU e sistemas regionais de proteȯ̂ de direitos humanos. Por fim, trata da incorporaȯ̂ dos tratados internacionais no ordenamento jurd̕ico brasileiro e do controle de convencionalidade.
|
| 506 |
1 |
|
|a Disponible solo en los productos indicados
|d vLex Global
|d vLex Global (Academic Edition, excluding Law Schools)
|d vLex Global (U.S. Academic Edition, Law Schools)
|d vLex Global (U.S. Academic Edition, excluding Law Schools)
|d vLex Global (Academic Edition, Law Schools)
|
| 650 |
0 |
4 |
|a Derecho Constitucional
|z Brasil
|
| 740 |
0 |
|
|a vLex Libros (Servicio en ln̕ea)
|
| 856 |
4 |
0 |
|u https://app.vlex.com/#/sources/36777
|z Acceso restringido
|
| 942 |
|
|
|c BOOK
|
| 999 |
0 |
|
|a Constitutional right
|